[Event "C16"]
[Site "?"]
[Date "2015.08.08"]
[Round "10.5"]
[White "Zaleski, Lukasz"]
[Black "Wisniewski, Michal"]
[Result "1-0"]
[LiveChessVersion "1.4.6"]
[BlackElo "1880"]
[WhiteElo "1955"]

1. e4 {[%clk 0:15:17]} c5 {[%clk 0:15:12]} 2. Nf3 {[%clk 0:15:23]} d6
{[%clk 0:15:20]} 3. d4 {[%clk 0:15:30]} Nf6 {[%clk 0:15:26]} 4. Nc3
{[%clk 0:15:37]} cxd4 {[%clk 0:15:34]} 5. Nxd4 {[%clk 0:15:45]} g6
{[%clk 0:15:40]} 6. f4 {[%clk 0:15:53]} Nc6 {[%clk 0:15:44]} 7. Nxc6
{[%clk 0:15:58]} bxc6 {[%clk 0:15:52]} 8. e5 {[%clk 0:16:06]} Ng4
{[%clk 0:12:34]} 9. Be2 {[%clk 0:14:24]} Nh6 {[%clk 0:12:50]} 10. exd6
{[%clk 0:12:33]} exd6 {[%clk 0:12:58]} 11. Qd4 {[%clk 0:11:35]} f6
{[%clk 0:10:41]} 12. Qe4+ {[%clk 0:11:14]} Kd7 {[%clk 0:10:15]} 13. O-O
{[%clk 0:09:35]} f5 {[%clk 0:10:23]} 14. Qd4 {[%clk 0:08:28]} Be7
{[%clk 0:09:57]} 15. Bf3 {[%clk 0:07:57]} Bf6 {[%clk 0:07:10]} 16. Qd3
{[%clk 0:02:50]} Qb6+ {[%clk 0:06:57]} 17. Be3 {[%clk 0:02:40]} Ba6
{[%clk 0:07:06]} 18. Qd2 {[%clk 0:01:57]} Qxb2 {[%clk 0:05:14]} 19. Na4
{[%clk 0:00:56]} Qa3 {[%clk 0:05:16]} 20. Bc5 {[%clk 0:00:41]} Qxa4
{[%clk 0:00:31]} 21. Qxd6+ {[%clk 0:00:49]} Kc8 {[%clk 0:00:27]} 22. Bxc6
{[%clk 0:00:42]} Qa5 {[%clk 0:00:15]} 23. Qd7+ Kb8 24. Bd6+ {[%clk 0:00:55]} 1-0

[Event "C16"]
[Site "?"]
[Date "2015.08.08"]
[Round "11.1"]
[White "Szmer, Aleksander"]
[Black "Janik, Igor"]
[Result "1/2-1/2"]
[LiveChessVersion "1.4.6"]
[BlackElo "2124"]
[WhiteElo "1881"]

1. d4 {[%clk 0:15:19]} Nf6 2. Nc3 d5 3. Bg5 h6 {[%clk 0:15:36]} 4. Bxf6
{[%clk 0:15:47]} exf6 5. e4 dxe4 {[%clk 0:15:53]} 6. Nxe4 {[%clk 0:16:06]} f5
{[%clk 0:15:56]} 7. Nc3 {[%clk 0:16:04]} Bd6 {[%clk 0:15:57]} 8. Qe2+
{[%clk 0:15:31]} Be7 {[%clk 0:15:50]} 9. O-O-O {[%clk 0:15:18]} O-O
{[%clk 0:15:58]} 10. f4 {[%clk 0:14:53]} Re8 {[%clk 0:15:44]} 11. Qd3
{[%clk 0:13:59]} Nc6 {[%clk 0:15:00]} 12. g3 {[%clk 0:12:33]} Bf6
{[%clk 0:14:02]} 13. Nf3 {[%clk 0:11:25]} Nb4 {[%clk 0:13:48]} 14. Qd2
{[%clk 0:10:14]} Be6 {[%clk 0:12:48]} 15. a3 {[%clk 0:10:08]} Nd5
{[%clk 0:12:51]} 16. Ne5 {[%clk 0:08:57]} c6 {[%clk 0:11:55]} 17. Bc4
{[%clk 0:06:58]} Qd6 {[%clk 0:09:58]} 18. Rhe1 {[%clk 0:06:31]} Rad8
{[%clk 0:09:45]} 19. Qd3 {[%clk 0:05:49]} g6 {[%clk 0:09:20]} 20. Qf3
{[%clk 0:05:43]} Nb6 {[%clk 0:08:21]} 21. Bxe6 {[%clk 0:05:24]} Rxe6
{[%clk 0:08:12]} 22. Qd3 {[%clk 0:05:09]} Qe7 {[%clk 0:07:41]} 23. Qf3
{[%clk 0:03:17]} 1/2-1/2

[Event "C16"]
[Site "?"]
[Date "2015.08.08"]
[Round "11.2"]
[White "Winiarski, Mikolaj"]
[Black "Walter, Szymon"]
[Result "1/2-1/2"]
[LiveChessVersion "1.4.6"]
[BlackElo "2040"]
[WhiteElo "2070"]

1. d4 {[%clk 0:15:19]} Nf6 {[%clk 0:15:17]} 2. c4 {[%clk 0:15:28]} e6
{[%clk 0:15:24]} 3. Nf3 {[%clk 0:15:26]} Bb4+ {[%clk 0:15:30]} 4. Bd2
{[%clk 0:15:33]} Qe7 {[%clk 0:15:32]} 5. a3 {[%clk 0:15:34]} Bxd2+
{[%clk 0:15:38]} 6. Nbxd2 {[%clk 0:15:42]} d6 {[%clk 0:15:39]} 7. e4
{[%clk 0:14:33]} e5 {[%clk 0:15:42]} 8. d5 {[%clk 0:14:06]} O-O {[%clk 0:15:37]}
9. g3 {[%clk 0:13:22]} a5 {[%clk 0:15:40]} 10. Bg2 {[%clk 0:13:26]} a4
{[%clk 0:15:32]} 11. O-O {[%clk 0:13:21]} Nbd7 {[%clk 0:15:22]} 12. Ne1
{[%clk 0:12:45]} Nc5 {[%clk 0:15:05]} 13. Qc2 {[%clk 0:12:36]} c6
{[%clk 0:13:25]} 14. Nd3 {[%clk 0:12:28]} Nxd3 {[%clk 0:12:58]} 15. Qxd3
{[%clk 0:12:36]} Nd7 {[%clk 0:13:02]} 16. Rae1 {[%clk 0:10:32]} Nc5
{[%clk 0:12:46]} 17. Qc3 {[%clk 0:09:37]} Bd7 {[%clk 0:11:18]} 18. f4
{[%clk 0:08:55]} f6 {[%clk 0:11:19]} 19. h3 {[%clk 0:06:06]} Rac8
{[%clk 0:10:34]} 20. fxe5 {[%clk 0:05:47]} fxe5 {[%clk 0:10:39]} 21. Qe3
{[%clk 0:05:48]} cxd5 {[%clk 0:10:00]} 22. Rxf8+ {[%clk 0:04:51]} Rxf8
{[%clk 0:10:05]} 23. cxd5 {[%clk 0:04:27]} Bb5 {[%clk 0:09:31]} 24. Kh2
{[%clk 0:04:14]} Qf6 {[%clk 0:06:20]} 25. Nf3 {[%clk 0:03:02]} Bd3
{[%clk 0:05:54]} 26. Nh4 {[%clk 0:02:15]} Qf2 {[%clk 0:03:59]} 27. Nf5
{[%clk 0:01:56]} Qxe3 {[%clk 0:03:56]} 28. Rxe3 {[%clk 0:02:05]} Rf6
{[%clk 0:03:37]} 29. g4 {[%clk 0:01:37]} h6 {[%clk 0:02:39]} 30. h4
{[%clk 0:01:25]} Rf8 1/2-1/2

[Event "C16"]
[Site "?"]
[Date "2015.08.08"]
[Round "11.3"]
[White "Karpus, Michal"]
[Black "Zaleski, Lukasz"]
[Result "1/2-1/2"]
[LiveChessVersion "1.4.6"]
[BlackElo "1955"]
[WhiteElo "1971"]

1. e4 {[%clk 0:15:18]} e6 {[%clk 0:15:19]} 2. Nf3 {[%clk 0:15:26]} d5
{[%clk 0:15:27]} 3. Nc3 {[%clk 0:15:34]} d4 {[%clk 0:14:20]} 4. Ne2
{[%clk 0:15:41]} c5 {[%clk 0:14:29]} 5. Ng3 {[%clk 0:15:47]} Nc6 {[%clk 0:14:36]}
6. Bc4 {[%clk 0:15:31]} a6 {[%clk 0:13:49]} 7. a4 {[%clk 0:15:40]} Rb8
{[%clk 0:13:52]} 8. O-O {[%clk 0:15:20]} Bd6 {[%clk 0:13:50]} 9. d3
{[%clk 0:15:22]} b5 {[%clk 0:13:56]} 10. Ba2 {[%clk 0:15:31]} Nge7
{[%clk 0:13:29]} 11. Ne1 {[%clk 0:15:20]} Nb4 {[%clk 0:11:53]} 12. Bb1
{[%clk 0:13:35]} e5 {[%clk 0:11:48]} 13. f4 {[%clk 0:13:12]} exf4
{[%clk 0:11:45]} 14. Nh5 {[%clk 0:12:11]} O-O {[%clk 0:11:44]} 15. Bxf4
{[%clk 0:11:52]} Bxf4 {[%clk 0:11:45]} 16. Nxf4 {[%clk 0:12:00]} Ng6
{[%clk 0:11:40]} 17. Nxg6 {[%clk 0:11:20]} hxg6 {[%clk 0:11:48]} 18. c3
{[%clk 0:11:08]} Nc6 {[%clk 0:11:45]} 19. axb5 {[%clk 0:10:43]} axb5
{[%clk 0:11:52]} 20. Ba2 {[%clk 0:10:48]} Ne5 {[%clk 0:10:53]} 21. Bd5
{[%clk 0:10:33]} Bb7 {[%clk 0:10:18]} 22. cxd4 {[%clk 0:10:35]} cxd4
{[%clk 0:09:44]} 23. Bb3 {[%clk 0:10:37]} Qg5 {[%clk 0:09:20]} 24. Qe2
{[%clk 0:07:26]} Bc8 {[%clk 0:08:16]} 25. Qf2 {[%clk 0:05:42]} Be6
{[%clk 0:07:40]} 1/2-1/2

[Event "C16"]
[Site "?"]
[Date "2015.08.08"]
[Round "11.4"]
[White "Koziol, Kamil"]
[Black "Szostko, Jakub"]
[Result "0-1"]
[LiveChessVersion "1.4.6"]
[BlackElo "1917"]
[WhiteElo "1962"]

1. e4 {[%clk 0:15:05]} c5 {[%clk 0:15:19]} 2. Nf3 {[%clk 0:15:11]} e6
{[%clk 0:15:28]} 3. d4 {[%clk 0:15:18]} cxd4 {[%clk 0:15:38]} 4. Nxd4
{[%clk 0:15:27]} Nf6 {[%clk 0:15:46]} 5. Nc3 {[%clk 0:15:20]} d6 {[%clk 0:15:55]}
6. g4 {[%clk 0:14:47]} h6 {[%clk 0:16:03]} 7. h3 {[%clk 0:14:25]} Nc6
{[%clk 0:16:07]} 8. Bg2 {[%clk 0:14:26]} Bd7 {[%clk 0:16:12]} 9. O-O
{[%clk 0:13:41]} Be7 {[%clk 0:15:59]} 10. Kh1 {[%clk 0:13:17]} O-O
{[%clk 0:15:50]} 11. f4 {[%clk 0:12:57]} Nxd4 {[%clk 0:14:49]} 12. Qxd4
{[%clk 0:13:01]} Bc6 {[%clk 0:14:58]} 13. Be3 {[%clk 0:11:59]} Nd7
{[%clk 0:14:50]} 14. Rad1 {[%clk 0:11:15]} Qc7 {[%clk 0:14:33]} 15. Qc4
{[%clk 0:10:15]} Rac8 {[%clk 0:10:24]} 16. Qe2 {[%clk 0:09:53]} a6
{[%clk 0:10:06]} 17. Bd4 {[%clk 0:09:22]} b5 {[%clk 0:09:44]} 18. Rf2
{[%clk 0:08:47]} b4 {[%clk 0:09:35]} 19. Nd5 {[%clk 0:08:02]} Bxd5
{[%clk 0:07:28]} 20. exd5 {[%clk 0:08:06]} e5 {[%clk 0:07:33]} 21. Be3
{[%clk 0:06:48]} Bh4 {[%clk 0:06:59]} 22. Rff1 {[%clk 0:06:19]} Qc4
{[%clk 0:05:15]} 23. Qd3 {[%clk 0:04:24]} Qxd3 {[%clk 0:05:05]} 24. cxd3
{[%clk 0:04:30]} Rc2 {[%clk 0:05:08]} 25. Rd2 {[%clk 0:03:54]} Rfc8
{[%clk 0:05:05]} 26. Rxc2 {[%clk 0:04:02]} Rxc2 {[%clk 0:05:14]} 27. Rc1
{[%clk 0:04:06]} Rxc1+ {[%clk 0:04:36]} 28. Bxc1 {[%clk 0:04:15]} Nc5
{[%clk 0:04:43]} 29. Be4 {[%clk 0:03:15]} Bg3 {[%clk 0:04:21]} 30. Bd2
{[%clk 0:01:40]} a5 {[%clk 0:04:20]} 31. a3 {[%clk 0:00:40]} Nb3 {[%clk 0:04:01]}
32. Kg2 {[%clk 0:00:15]} Bxf4 {[%clk 0:03:57]} 33. Bxf4 exf4 {[%clk 0:04:06]} 34.
axb4 {[%clk 0:00:13]} axb4 {[%clk 0:04:14]} 35. Kf3 {[%clk 0:00:21]} g5
{[%clk 0:04:23]} 36. Ke2 {[%clk 0:00:18]} Nd4+ {[%clk 0:04:25]} 37. Kd2
{[%clk 0:00:25]} Kg7 {[%clk 0:04:33]} 38. Bg2 {[%clk 0:00:24]} Kf6
{[%clk 0:04:35]} 39. Be4 {[%clk 0:00:28]} Ke5 {[%clk 0:04:44]} 40. Ke1
{[%clk 0:00:32]} Nc2+ {[%clk 0:04:11]} 41. Kd2 {[%clk 0:00:22]} Ne3
{[%clk 0:04:20]} 42. Bh7 {[%clk 0:00:24]} Kd4 {[%clk 0:04:04]} 43. Be4
{[%clk 0:00:24]} Nxd5 {[%clk 0:04:07]} 44. Ke2 {[%clk 0:00:26]} Ne3
{[%clk 0:04:10]} 45. Bh7 {[%clk 0:00:31]} d5 {[%clk 0:04:10]} 46. Bg8
{[%clk 0:00:39]} f5 {[%clk 0:04:15]} 47. Be6 {[%clk 0:00:34]} Ke5
{[%clk 0:03:50]} 48. Bc8 {[%clk 0:00:34]} Nc2 {[%clk 0:03:37]} 49. Kd2
{[%clk 0:00:25]} Nd4 {[%clk 0:03:45]} 50. Bb7 {[%clk 0:00:21]} fxg4
{[%clk 0:02:47]} 51. hxg4 {[%clk 0:00:29]} Ne6 {[%clk 0:02:47]} 52. Bc8
{[%clk 0:00:27]} Nc5 {[%clk 0:02:55]} 53. Bf5 {[%clk 0:00:31]} Kd4
{[%clk 0:03:03]} 54. Ke2 {[%clk 0:00:34]} Na4 {[%clk 0:03:08]} 55. Kd2
{[%clk 0:00:26]} Nxb2 {[%clk 0:03:15]} 56. Kc2 {[%clk 0:00:34]} f3
{[%clk 0:03:17]} 0-1

[Event "C16"]
[Site "?"]
[Date "2015.08.08"]
[Round "11.5"]
[White "Adamczewski, Maciej"]
[Black "Grela, Kacper"]
[Result "1-0"]
[LiveChessVersion "1.4.6"]
[BlackElo "2015"]
[WhiteElo "1863"]

1. d4 {[%clk 0:15:19]} Nf6 {[%clk 0:15:19]} 2. Nf3 {[%clk 0:15:25]} g6
{[%clk 0:15:26]} 3. c4 {[%clk 0:15:33]} Bg7 {[%clk 0:15:35]} 4. Nc3
{[%clk 0:15:42]} O-O {[%clk 0:15:43]} 5. g3 {[%clk 0:15:51]} d6 {[%clk 0:15:51]}
6. Bg2 {[%clk 0:16:00]} Nc6 {[%clk 0:15:59]} 7. b3 {[%clk 0:15:47]} e5
{[%clk 0:15:33]} 8. d5 {[%clk 0:14:20]} Nd4 {[%clk 0:14:39]} 9. Bb2
{[%clk 0:13:14]} Nxf3+ {[%clk 0:14:41]} 10. exf3 {[%clk 0:13:15]} Nd7
{[%clk 0:14:16]} 11. O-O {[%clk 0:13:09]} f5 {[%clk 0:14:18]} 12. Bh3
{[%clk 0:13:00]} a5 {[%clk 0:13:54]} 13. Na4 {[%clk 0:12:46]} b6 {[%clk 0:13:44]}
14. Qd2 {[%clk 0:12:24]} Nf6 {[%clk 0:12:16]} 15. Nc3 {[%clk 0:12:12]} Bd7
{[%clk 0:11:57]} 16. Rfe1 {[%clk 0:11:42]} c5 {[%clk 0:10:06]} 17. dxc6
{[%clk 0:10:22]} Bxc6 {[%clk 0:10:14]} 18. Bg2 {[%clk 0:10:24]} Qc7
{[%clk 0:10:07]} 19. Red1 {[%clk 0:10:08]} Rfd8 {[%clk 0:10:02]} 20. Rac1
{[%clk 0:10:08]} Qb7 {[%clk 0:09:53]} 21. Nd5 {[%clk 0:09:55]} Bxd5
{[%clk 0:09:12]} 22. cxd5 {[%clk 0:10:03]} Nd7 {[%clk 0:09:02]} 23. a3
{[%clk 0:09:20]} Nc5 {[%clk 0:08:47]} 24. Qe3 {[%clk 0:09:00]} a4
{[%clk 0:07:03]} 25. b4 {[%clk 0:08:28]} Nb3 {[%clk 0:07:08]} 26. Rc6
{[%clk 0:08:37]} Nd4 {[%clk 0:07:14]} 27. Bxd4 {[%clk 0:08:24]} exd4
{[%clk 0:07:23]} 28. Qe6+ {[%clk 0:08:18]} Kh8 {[%clk 0:07:17]} 29. Rdc1
{[%clk 0:08:22]} Rd7 {[%clk 0:06:58]} 30. Bf1 {[%clk 0:08:18]} Rad8
{[%clk 0:06:46]} 31. Qe2 {[%clk 0:08:07]} d3 {[%clk 0:05:52]} 32. Qxd3
{[%clk 0:08:12]} Re7 {[%clk 0:05:58]} 33. h4 {[%clk 0:07:47]} b5 {[%clk 0:05:05]}
34. h5 {[%clk 0:07:04]} gxh5 {[%clk 0:04:40]} 35. Qxf5 {[%clk 0:06:59]} Rf8
{[%clk 0:04:37]} 36. Rc8 {[%clk 0:06:36]} Ref7 {[%clk 0:04:24]} 37. Rxf8+
{[%clk 0:06:39]} Rxf8 {[%clk 0:04:32]} 38. Qxh5 {[%clk 0:06:46]} Bd4
{[%clk 0:04:09]} 39. Bd3 {[%clk 0:06:41]} Qg7 {[%clk 0:03:53]} 40. Kg2
{[%clk 0:06:41]} Bxf2 {[%clk 0:03:35]} 41. Kxf2 {[%clk 0:06:29]} Rg8
{[%clk 0:02:52]} 42. Qxh7+ {[%clk 0:05:57]} Qxh7 {[%clk 0:03:01]} 43. Bxh7
{[%clk 0:06:06]} Kxh7 {[%clk 0:03:09]} 44. Rc6 {[%clk 0:06:14]} Rd8
{[%clk 0:03:13]} 45. Rb6 {[%clk 0:06:23]} Rc8 {[%clk 0:03:22]} 46. Rc6
{[%clk 0:06:18]} Rd8 {[%clk 0:03:31]} 47. Ke3 {[%clk 0:06:26]} Kg6
{[%clk 0:03:36]} 48. Rb6 {[%clk 0:06:20]} Kf5 {[%clk 0:03:42]} 49. Rxb5
{[%clk 0:06:23]} Rc8 {[%clk 0:03:51]} 50. Kd3 {[%clk 0:06:28]} Rg8
{[%clk 0:03:52]} 51. Ra5 {[%clk 0:05:10]} Rxg3 {[%clk 0:03:59]} 52. Ke3
{[%clk 0:05:19]} Ke5 {[%clk 0:04:03]} 53. Rxa4 {[%clk 0:05:26]} Kxd5
{[%clk 0:04:12]} 54. Kf4 {[%clk 0:05:27]} Rg1 {[%clk 0:04:15]} 55. Ra6
{[%clk 0:05:15]} Rb1 {[%clk 0:04:09]} 56. Kf5 {[%clk 0:05:16]} Rd1
{[%clk 0:04:08]} 57. f4 {[%clk 0:05:12]} Kc4 {[%clk 0:04:17]} 58. Ke6
{[%clk 0:05:17]} d5 {[%clk 0:04:24]} 59. Rc6+ {[%clk 0:05:25]} Kb3
{[%clk 0:04:32]} 60. b5 {[%clk 0:05:08]} d4 {[%clk 0:03:55]} 61. b6
{[%clk 0:05:11]} Ka2 {[%clk 0:04:03]} 62. Rd6 {[%clk 0:05:13]} d3
{[%clk 0:04:00]} 63. b7 {[%clk 0:05:14]} Rb1 {[%clk 0:04:09]} 64. Rxd3
{[%clk 0:05:06]} Rxb7 {[%clk 0:04:17]} 65. f5 {[%clk 0:05:13]} Rb6+
{[%clk 0:04:21]} 66. Kf7 {[%clk 0:05:18]} Kb2 {[%clk 0:04:18]} 67. f6
{[%clk 0:05:26]} Kc2 {[%clk 0:04:27]} 68. Rd5 {[%clk 0:05:29]} Ra6
{[%clk 0:04:28]} 69. Kg7 {[%clk 0:05:36]} Rxa3 {[%clk 0:04:34]} 70. f7
{[%clk 0:05:45]} Rg3+ {[%clk 0:04:40]} 71. Kf6 {[%clk 0:05:53]} Rf3+
{[%clk 0:04:48]} 72. Rf5 {[%clk 0:06:03]} 1-0